Savings Analysis of Single-bidder vs. Multibidder Public Procurements in Slovakia

Rozbor ponúk verejného obstarávania v Slovenskom elektronickom zmluvnom systéme za účelom posúdenia vplyvu súťaže uchádzačov o financie v slovenskom verejnom obstarávaní pre životné prostredie. Identifikovanie kategórií obstarávania, náchylných k dominancii jedného uchádzača, čo indikuje sektory s p...

Full description

Saved in:
Bibliographic Details
Main Author: Tkáč, Michal, ml., 1984-
Other Authors: Husnaj, Michal, 1988-, Tkáč, Michal, 1958-
Format: Book Chapter
Language:English
Subjects:
Tags: Add Tag
No Tags, Be the first to tag this record!

MARC

LEADER 00000naa$a2200000$$$4500
001 0306680
005 20250916134035.3
041 0 |a eng 
044 |a AT 
245 1 0 |a Savings Analysis of Single-bidder vs. Multibidder Public Procurements in Slovakia  |c Michal Tkáč ml., Michal Husnaj 
520 |a Rozbor ponúk verejného obstarávania v Slovenskom elektronickom zmluvnom systéme za účelom posúdenia vplyvu súťaže uchádzačov o financie v slovenskom verejnom obstarávaní pre životné prostredie. Identifikovanie kategórií obstarávania, náchylných k dominancii jedného uchádzača, čo indikuje sektory s potenciálom pre zvýšenie regulačného dohľadu s cieľom posilniť hospodársku súťaž. Tieto zistenia podčiarkujú dôležitosť konkurenčných postupov obstarávania pri zvyšovaní fiškálnej efektívnosti a usmerňovaní efektívnej politiky zásahov. 
610 2 0 |a obstarávanie verejné 
610 2 0 |a obstarávanie verejné zelené 
610 2 0 |a prostredie životné 
610 2 0 |a úspory 
610 2 0 |a Slovensko 
610 2 0 |a analýzy 
100 1 |a Tkáč, Michal, ml., 1984- 
700 1 |a Husnaj, Michal, 1988- 
700 1 |a Tkáč, Michal, 1958-